000 00593nam a2200193Ia 4500
008 151121s9999||||xx |||||||||||||| ||und||
082 _a291।4/गांधीजी
082 _bHNW-60427
100 _aगांधीजी
245 _aमंगल -प्रभात
260 _b"नवजीवन प्रकाशन, अहमदाबाद।"
260 _c--
300 _a76
600 _aगांधीजी
630 _aमंगल -प्रभात
700 _aगांधीजी
730 _aमंगल -प्रभात
942 _cBOOK
999 _c1241976
_d1241973